Mater Natura /

Đã lưu trong:
Chi tiết về thư mục
Tác giả khác: Brescia, Fabio (Diễn viên), Moscato, Enzo (Diễn viên), Andrei, Massimo (Giám đốc), Javarone, Franco (Diễn viên), Foglia Manzillo, Valerio, Luxuria, Vladimir (Diễn viên), Massa, Umberto, Ranfagni, Silvia (sceneggiatrice) (Người viết kịch bản), Calzone, Maria Pia (Diễn viên)
Định dạng: Slide
Ngôn ngữ:Tiếng Italy
Được phát hành: [Italia] : Flamingo Video, Cecchi Gori Home Video [distributore] ; [2006]
Các nhãn: Thêm thẻ
Không có thẻ, Là người đầu tiên thẻ bản ghi này!

MARC

LEADER 00000ngm a22000007i 4500
001 IT\ICCU\UBO\3099267
003 ItRI
005 20260124182919.0
008 061130s2006 it |||||||||||||||k|||||c
024 3 1 |a 8009833289218 
028 4 2 |a PSV7609 
040 |b ita 
041 7 |a ita  |2 ISO-639-2 
130 0 |a Mater natura <film ; 2005>  |3 IT\ICCU\RAV\1505526 
245 0 0 |a Mater Natura /  |c un film di Massimo Andrei ; da un'idea di Umberto Massa ; soggetto Massimo Andrei ; sceneggiatura Massimo Andrei e Silvia Ranfagni. 
260 |a [Italia] :  |b Cecchi Gori Home Video [distributore] ;  |a Flamingo Video,  |c [2006] 
300 |a 1 DVD video (ca. 93 min.): color., sonoro 
500 |a Codice area: 2; sistema e formato video: PAL, 1,85:1 anamorfico 
500 |a Tit. del contenitore 
500 |a Film del 2005, prod. Umberto Massa, Italia 
500 |a  Interpreti: Maria Pia Calzone, Valerio Foglia Manzillo, Enzo Moscato, Vladimir Luxuria, Franco Iavarone, Fabio Brescia ... [et al.] 
500 |a Lingue: italiano; sottotitoli: italiano per non udenti 
500 |a Data del visto censura 
500 |a Contentuti extra: menu interattivi e animati, backstage, premiazioni, scene tagliate, trailer. 
700 1 |a Brescia, Fabio  |0 IT\ICCU\BVEV\129240  |4 act 
700 1 |a Moscato, Enzo  |0 IT\ICCU\CFIV\078109  |4 act 
700 1 |a Andrei, Massimo  |0 IT\ICCU\CFIV\203199  |4 drt 
700 1 |a Javarone, Franco  |0 IT\ICCU\MODV\283807  |4 act 
700 1 |a Foglia Manzillo, Valerio  |0 IT\ICCU\RAVV\346391 
700 1 |a Luxuria, Vladimir  |0 IT\ICCU\RAVV\445449  |4 act 
700 1 |a Massa, Umberto  |0 IT\ICCU\RAVV\496833 
700 1 |a Ranfagni, Silvia  |c  (sceneggiatrice)  |0 IT\ICCU\TO0V\544377  |4 sce 
700 1 |a Calzone, Maria Pia  |0 IT\ICCU\UBOV\059817  |4 act 
790 1 |a Iavarone, Franco  |3 IT\ICCU\SBNV\026485  |z Javarone, Franco 
790 1 |a Guadagno, Wladimiro  |3 IT\ICCU\CFIV\233827  |z Luxuria, Vladimir 
942 |2 ddc  |c VM  |n 0 
952 |0 0  |1 0  |4 0  |6 VO_1454_000000000000000  |7 0  |9 27980  |a BO  |b BO  |d 2026-01-24  |i 11298  |l 0  |o VO 1454  |p BO11298  |r 2026-01-24 18:29:19  |w 2026-01-24  |x [Sebina 5] [1 dvd]  |y VM  |z 1 dvd 
952 |0 0  |1 0  |4 0  |6 VO_1495_000000000000000  |7 0  |9 27981  |a BO  |b BO  |d 2026-01-24  |i 11647  |l 0  |o VO 1495  |p BO11647  |r 2026-01-24 18:29:19  |w 2026-01-24  |x [Sebina 5] [1 dvd]  |y VM  |z 1 dvd 
999 |c 23716  |d 23716